000 00414nam a2200157Ia 4500
008 260407s2008 xx 000 0 und d
041 _aeng
082 _a615.45/COO
_b12530
100 _aS.J.CARTER
245 _aCOPPER AND GUNN'S DISPENSING FOR PHARMACEUTICAL STUDENTS
250 _a12TH
260 _aMUMBAI
_bCBS PUBLICATION
_c2008
300 _a759p
650 _aPHARMACEUTICS
650 _aPHARMACEUTICS
999 _c1220022
_d1220022